| 000 | 01235nam a2200313Ia 4500 | ||
|---|---|---|---|
| 000 | nam a22 i 4500 | ||
| 001 | UNACH-12960 | ||
| 007 | ta | ||
| 008 | 221212s ||||fr|||| 00| | spa d | ||
| 020 | _a978-968-247-624-2 | ||
| 041 | 0 | _aspa | |
| 082 | 0 | 4 |
_a302.2 _bComunicación |
| 100 | 1 |
_aKraus, Sidney, _eautor |
|
| 245 | 1 | 0 |
_aComunicación Masiva : _bSus efectos en el comportamiento político |
| 250 | _a2da ed. | ||
| 264 | 3 | 1 |
_a[México, D.F.] : _aMéxico : _bTrillas, _c2006 |
| 300 |
_a277 páginas : _bgráficos |
||
| 336 |
_atexto _btxt _2rdacontent |
||
| 337 |
_ano mediado _bn _2rdamedia |
||
| 338 |
_avolumen _bnc _2rdacarrier |
||
| 504 | _aIncluye, Índice de Contenido, Índice analítico, Índice onomástico. | ||
| 505 | 0 | _aComunicación masiva y socialización política.-- Comunicación masiva y proceso electoral.-- Comunicación masiva e información política.-- El uso de los medios y los procesos políticos.-- Construcción de la realidad politica en la sociedad.--Métodos de investigación sobre comunicación política. | |
| 650 | 1 | 4 | _aMARCO TEORICO |
| 650 | 2 | 4 | _aMODELO DE DIFUSIÓN |
| 650 | 2 | 4 | _aSOCIALIZACIÓN POLÍTICA |
| 700 | 1 |
_aDavis, Dennis, _eautor |
|
| 942 |
_2ddc _c1 _n0 |
||
| 999 |
_c9932 _d9932 |
||